000 00509nam a2200169Ia 4500
008 090201s9999 xx 000 0 und d
010 _aKPL-30374
040 _bमराठी
041 _aमराठी
082 _a27682
_b30374
100 _aचिंतामणी लागू
245 _aव्हीनस
_cचिंतामणी लागू
260 _c2004
_bदिलीप प्रकाशन
300 _a178
_bमोठा
600 _aव्हीनस
942 _cBOOK
999 _c226508
_d226508